000 00876cam a22002413a 4500
001 19155
003 PGUSA
005 20140828083415.0
008 060901s2006||||xxu|||||s|||||000 | eng d
040 _aPGUSA
_beng
042 _adc
050 4 _aE011
100 1 _aMacCauley, Clay,
_d1843-1925
245 1 4 _aThe Seminole Indians of Florida :
_bFifth Annual Report of the Bureau of Ethnology to the Secretary of the Smithsonian Institution, 1883-84, Government Printing Office, Washington, 1887, pages 469-532
_h[electronic resource] /
_cClay MacCauley
260 _bProject Gutenberg,
_c2006
506 _aPublic domain in the USA.
516 _aElectronic text
653 _aSeminole Indians -- Social life and customs
653 _aSeminole Indians -- History
830 0 _aProject Gutenberg
_v19155
856 4 0 _uhttp://www.gutenberg.org/ebooks/19155
942 _cEB
999 _c248410
_d248410